The power it is in all of us

I tiakina i:
Ngā taipitopito rārangi puna kōrero
Kaituhi matua: Ndegwa, Stephen (Author)
Hōputu: Pukapuka
Reo:Ingarihi
I whakaputaina: Nairobi Hidden Legacy 2024
Ngā marau:
Ngā Tūtohu: Tāpirihia he Tūtohu
Kāore He Tūtohu, Me noho koe te mea tuatahi ki te tūtohu i tēnei pūkete!

MARC

LEADER 00000nam a22000007a 4500
003 OSt
005 20250114124155.0
008 250114b |||||||| |||| 00| 0 eng d
020 |a 9789914405460 
040 |a DUL  |c DUL  |d EOtanga 
050 |a BV4598.3.K4N34 2024 
100 |a Ndegwa, Stephen  |e author 
245 |a The power  |b it is in all of us  |c by Stephen Ndegwa 
260 |a Nairobi  |b Hidden Legacy  |c 2024 
300 |a xvi, 77 p 
650 |a Christian life 
650 |a Self-improvement 
942 |2 lcc  |c G  |h BV4598.3  |i .K4N34  |m 2024  |6 BV45983 K4 N34 
952 |0 0  |1 0  |2 lcc  |4 0  |6 BV45983 K4 N34 02024  |7 0  |8 GC  |9 142831  |a DUA  |b DUA  |c GC  |d 2025-01-14  |e Donation  |g 2500.00  |l 0  |o BV4598.3.K4N34 2024  |p BK0112649  |r 2025-01-14 12:43:03  |w 2025-01-14  |x 112649  |y G 
952 |0 0  |1 0  |2 lcc  |4 0  |6 BV45983 K4 N34 02024  |7 0  |8 GC  |9 142832  |a DUA  |b DUA  |c GC  |d 2025-01-14  |e Donation  |g 2500.00  |l 0  |o BV4598.3.K4N34 2024  |p BK0112650  |r 2025-01-14 12:43:03  |w 2025-01-14  |x 112650  |y G 
952 |0 0  |1 0  |2 lcc  |4 0  |6 BV45983 K4 N34 02024  |7 0  |8 GC  |9 142833  |a DUA  |b DUA  |c GC  |d 2025-01-14  |e Donation  |g 2500.00  |l 0  |o BV4598.3.K4N34 2024  |p BK0112651  |r 2025-01-14 12:43:03  |w 2025-01-14  |x 112651  |y G 
952 |0 0  |1 0  |2 lcc  |4 0  |6 BV45983 K4 N34 02024  |7 0  |8 GC  |9 142834  |a DUA  |b DUA  |c GC  |d 2025-01-14  |e Donation  |g 2500.00  |l 0  |o BV4598.3.K4N34 2024  |p BK0112652  |r 2025-01-14 12:43:03  |w 2025-01-14  |x 112652  |y G 
952 |0 0  |1 0  |2 lcc  |4 0  |6 BV45983 K4 N34 02024  |7 0  |8 GC  |9 142835  |a DUA  |b DUA  |c GC  |d 2025-01-14  |e Donation  |g 2500.00  |l 0  |o BV4598.3.K4N34 2024  |p BK0112653  |r 2025-01-14 12:43:03  |w 2025-01-14  |x 112653  |y G 
952 |0 0  |1 0  |2 lcc  |4 0  |6 BV45983 K4 N34 02024  |7 0  |8 GC  |9 142836  |a DUN  |b DUN  |c GC  |d 2025-01-14  |e Donation  |g 2500.00  |l 4  |m 3  |o BV4598.3.K4N34 2024  |p BK0112654  |q 2026-04-24  |r 2026-04-08 13:27:11  |s 2026-04-08  |w 2025-01-14  |x 112654  |y G 
952 |0 0  |1 0  |2 lcc  |4 0  |6 BV45983 K4 N34 02024  |7 0  |8 GC  |9 142837  |a DUN  |b DUN  |c GC  |d 2025-01-14  |e Donation  |g 2500.00  |l 0  |o BV4598.3.K4N34 2024  |p BK0112655  |r 2025-01-14 12:43:03  |w 2025-01-14  |x 112655  |y G 
952 |0 0  |1 0  |2 lcc  |4 0  |6 BV45983 K4 N34 02024  |7 0  |8 GC  |9 142838  |a DUN  |b DUN  |c GC  |d 2025-01-14  |e Donation  |g 2500.00  |l 2  |m 2  |o BV4598.3.K4N34 2024  |p BK0112656  |r 2025-12-08 13:44:14  |s 2025-11-11  |w 2025-01-14  |x 112656  |y G 
952 |0 0  |1 0  |2 lcc  |4 0  |6 BV45983 K4 N34 02024  |7 0  |8 GC  |9 142839  |a DUN  |b DUN  |c GC  |d 2025-01-14  |e Donation  |g 2500.00  |l 0  |o BV4598.3.K4N34 2024  |p BK0112657  |r 2025-01-14 12:43:03  |w 2025-01-14  |x 112657  |y G 
952 |0 0  |1 0  |2 lcc  |4 0  |6 BV45983 K4 N34 02024  |7 0  |8 GC  |9 142840  |a DUN  |b DUN  |c GC  |d 2025-01-14  |e Donation  |g 2500.00  |l 0  |o BV4598.3.K4N34 2024  |p BK0112658  |r 2025-01-14 12:43:03  |w 2025-01-14  |x 112658  |y G 
999 |c 236261  |d 236260